/ مہا بھارت (Record no. 109332)

MARC details
000 -LEADER
fixed length control field 00782nam a22002537a 4500
005 - DATE AND TIME OF LATEST TRANSACTION
control field 20170123162352.0
010 ## - LIBRARY OF CONGRESS CONTROL NUMBER
LC control number A-289925
020 ## - INTERNATIONAL STANDARD BOOK NUMBER
Terms of availability 45.00
035 ## - SYSTEM CONTROL NUMBER
System control number A-289925
037 ## - SOURCE OF ACQUISITION
Source of stock number/acquisition Cen Lib/Ret
040 ## - CATALOGING SOURCE
Original cataloging agency DPL
Language of cataloging UR
082 ## - DEWEY DECIMAL CLASSIFICATION NUMBER
Classification number 230.1
Item number و ی د
100 ## - MAIN ENTRY--PERSONAL NAME
Personal name ودیا بھنڑار، جے گوپال
9 (RLIN) 137381
245 ## - TITLE STATEMENT
Title / مہا بھارت
Statement of responsibility, etc جے گوپال ودیا بھنڑار
246 ## - VARYING FORM OF TITLE
Title proper/short title Mahabharat /
Remainder of title by Jay Gopal Vidya-bhandaran
260 ## - PUBLICATION, DISTRIBUTION, ETC. (IMPRINT)
Place of publication, distribution, etc دیللی
Name of publisher, distributor, etc پستک بھنڑار
Date of publication, distribution, etc 00??
270 ## - ADDRESS
Address کھاری بایولی
City دیللی
300 ## - PHYSICAL DESCRIPTION
Extent 282p.
Dimensions 25cm(Hb)
650 ## - SUBJECT ADDED ENTRY--TOPICAL TERM
Topical term or geographic name as entry element مذہب
Form subdivision
9 (RLIN) 137382
650 ## - SUBJECT ADDED ENTRY--TOPICAL TERM
Topical term or geographic name as entry element ہندو
9 (RLIN) 536
650 ## - SUBJECT ADDED ENTRY--TOPICAL TERM
Topical term or geographic name as entry element Religion
9 (RLIN) 137383
650 ## - SUBJECT ADDED ENTRY--TOPICAL TERM
Topical term or geographic name as entry element Hindu
9 (RLIN) 137384
942 ## - ADDED ENTRY ELEMENTS (KOHA)
Source of classification or shelving scheme Dewey Decimal Classification
Koha item type Urdu Bks
Classification part 230.1
Call number suffix و ی د
Holdings
Withdrawn status Lost status Damaged status Not for loan Home library Current library Date acquired Source of acquisition Cost, normal purchase price Total Checkouts Full call number Barcode Date last seen Copy number Cost, replacement price Price effective from Koha item type
        Central Library Central Library 04/03/2016 Cen Lib/Ref 45.00   230.1 و ی د A-289925 04/03/2016 1 45.00 04/03/2016 Urdu Bks

© Delhi Public Library
Hit Counter
free hit counter